|
|
|
|
| LEADER |
00000cam a2200000 7i4500 |
| 001 |
0000005519 |
| 005 |
20240930.0 |
| 008 |
000126 nyua eng |
| 020 |
|
|
|a 0471042463 (hbk)
|
| 040 |
|
|
|a INS
|b eng
|e rda
|
| 090 |
0 |
0 |
|a HD31
|b .R83 1979
|
| 100 |
1 |
|
|a Rudwick, Bernard H. ,
|e author
|
| 245 |
1 |
0 |
|a Solving management problems :
|b a systems approach to planning and control
|c Bernard H. Rudwick
|
| 264 |
|
1 |
|a New York :
|b John Wiley& Sons
|c 1979
|
| 264 |
|
4 |
|c ©1979
|
| 300 |
|
|
|a xiv, 496 pages :
|b illustrations ;
|c 22 cm.
|
| 336 |
|
|
|a text
|2 rdacontent
|
| 337 |
|
|
|a unmediated
|2 rdamedia
|
| 338 |
|
|
|a volume
|2 rdacarrier
|
| 490 |
0 |
|
|a Wiley Series on systems engineering and analysis
|
| 500 |
|
|
|a Includes index
|
| 650 |
|
0 |
|a Management informations systems
|x Case studies
|
| 650 |
|
0 |
|a Managemnt
|x Case studies
|
| 650 |
|
0 |
|a Problems solving
|x Case studies
|
| 650 |
|
0 |
|a System analysis
|x Case studies
|
| 999 |
|
|
|a 0000000155
|b BOOK
|c Open Shelf
|e Default branch
|